Research methods in psychology / (Record no. 23681)
[ view plain ]
| 000 -LEADER | |
|---|---|
| fixed length control field | 00658nam a2200217 a 4500 |
| 003 - CONTROL NUMBER IDENTIFIER | |
| control field | PILC |
| 005 - DATE AND TIME OF LATEST TRANSACTION | |
| control field | 20160215103213.0 |
| 008 - FIXED-LENGTH DATA ELEMENTS--GENERAL INFORMATION | |
| fixed length control field | 091116s19uu xx 00 eng d |
| 020 ## - INTERNATIONAL STANDARD BOOK NUMBER | |
| International Standard Book Number | 0071116559 |
| 050 ## - LIBRARY OF CONGRESS CALL NUMBER | |
| Classification number | BF 76.5 |
| Item number | .Sh46 2006 |
| 100 ## - MAIN ENTRY--PERSONAL NAME | |
| Personal name | Shaughnessy, John J. |
| 245 ## - TITLE STATEMENT | |
| Title | Research methods in psychology / |
| Statement of responsibility, etc | John J. Shaughnessy. |
| 260 ## - PUBLICATION, DISTRIBUTION, ETC. (IMPRINT) | |
| Place of publication, distribution, etc | Boston : |
| Name of publisher, distributor, etc | McGraw-Hill, |
| Date of publication, distribution, etc | 2006. |
| 300 ## - PHYSICAL DESCRIPTION | |
| Extent | 578 pages : |
| Other physical details | illustrations ; |
| Dimensions | 24 cm. |
| 500 ## - GENERAL NOTE | |
| General note | Includes appendices, glossary and index. |
| 650 ## - SUBJECT ADDED ENTRY--TOPICAL TERM | |
| Topical term or geographic name as entry element | Research Methods |
| General subdivision | Psychology. |
| 700 ## - ADDED ENTRY--PERSONAL NAME | |
| Personal name | Zechmeister, Eugene B. |
| 700 ## - ADDED ENTRY--PERSONAL NAME | |
| Personal name | Zechmeister, Jeanne S. |
| 942 ## - ADDED ENTRY ELEMENTS (KOHA) | |
| Koha item type | Books |
| Source of classification or shelving scheme | Library of Congress Classification |
| Call number prefix | Foreign |
| Withdrawn status | Lost status | Source of classification or shelving scheme | Damaged status | Home library | Current library | Shelving location | Date acquired | Source of acquisition | Total Checkouts | Total Renewals | Full call number | Barcode | Date last seen | Date checked out | Copy number | Price effective from | Koha item type |
|---|---|---|---|---|---|---|---|---|---|---|---|---|---|---|---|---|---|
| Library of Congress Classification | College Library | College Library | General Circulation Section | 11/16/2009 | Library Fund | 2 | 11 | BF 76.5 .Sh46 2006 | C10754 | 08/02/2018 | 08/02/2018 | 1 | 03/10/2014 | Books |